Horse
| Main Author: | |
|---|---|
| Format: | Book |
| Published: |
London :
Dorling Kindersley ,
1992
|
| Series: | Eyewitness guides
|
| Subjects: |
MARC
| LEADER | 00000cam a2200000 7i4500 | ||
|---|---|---|---|
| 001 | 0000005869 | ||
| 005 | 20020930.0 | ||
| 020 | |a 0863187900 | ||
| 090 | 0 | 0 | |a 001 |b EYE |
| 100 | 0 | |a Clutton-Brock, Juliet | |
| 245 | 1 | 0 | |a Horse |c Juliet Clutton-Brock |
| 260 | |a London : |b Dorling Kindersley , |c 1992 | ||
| 300 | |a 63p. ; |c 28cm. | ||
| 490 | 0 | |a Eyewitness guides | |
| 650 | 0 | 0 | |a Horses |
| 999 | |a 031072 |b BUKU |c RUJUKAN |e PERPUSTAKAAN KOMUNITI PETALING JAYA | ||